Musical Acts by State - Maine - Statistics

General Stats
  • This quiz has been taken 31 times
  • The average score is 2 of 30
Answer Stats
City/Town Songs Answer % Correct
Portland Cups (When I'm Gone) | True Colors Anna Kendrick
100%
Bangor Collide | Longest Night Howie Day
20%
Fort Kent The World Ain't Slowing Down | Sweet Mistakes Ellis Paul
8%
Portland I'm Awesome | Gee Willikers Spose
8%
Windham Queen Of Silver Linings | Difficult Amy Allen
4%
Scarborough Space Cruise (Title) | Old Site Ben Prunty
4%
Waterville Go Cat Go | Guitar Rock Bill Flagg
4%
Saco People Look Around | Troubled Mind Catie Curtis
4%
Augusta You're A Good Man, Charlie Brown | Happiness Clark Gesner
4%
Portland Decompose | Heat Cruel Hand
4%
Sebec Garden Song | Celebration David Mallett
4%
Woodland Groovin' | Workin' Man Blues Johnny Hiland
4%
Portland Fight Like A Girl | He's Just Not That Into You Kalie Shorr
4%
Portland Like A Radio | Love Of Mine Keelan Donovan
4%
South Berwick Older | Grace Lina Tullgren
4%
Brunswick Little Moment | You Let Me In Luke Rathborne
4%
Biddeford Kill My Baby | Tough Lover Nick Curran & the Lowlifes
4%
South Portland Spanish Moss | Honeydust Of the Trees
4%
Whitefield These Cold Nights | Love Is Tall Oshima Brothers
4%
Portland Wasted | Two Girls Paranoid Social Club
4%
Old Town Rain | Heavenly Day Patty Griffin
4%
Portland Coming Home | American Dream Pete Kilpatrick Band
4%
Portland Street Jazz | Nobody's Perfect Phoniks
4%
Portland Letter To The President | Combustible Rustic Overtones
4%
Portland Twa Recruiting Sergeants | Molasses Schooner Fare
4%
Portland Autumn | We Love Like Vampires Sparks the Rescue
4%
Portland Wild Child | This Is The End The Ghost of Paul Revere
4%
York Ever I Love You | Evening's Soft Glow Tim Janis
4%
Portland Blue Again | Peel Weakened Friends
4%
Portland Lemon Tree | Sinner Man Will Holt
4%
No matching quizzes found
Score Distribution
Percent of People with Each Score
Percentile by Number Answered
Your Score History
You have not taken this quiz